000 00893cam a2200289Ia 4500
001 754699289
003 OCoLC
005 20150408114138.0
008 110921s2012 nyu 001 0 eng
020 _a9780071611572
020 _a0071779779 (pbk : alk. paper)
035 _a(OCoLC)754699289
040 _aMa-Un
_beng
050 0 0 _aQC31
_b.B35 2003
082 _223
_a530
100 1 _aBeiser, Arthur.
_936595
245 1 0 _aApplied physics /
_cArthur Beiser ; abridgement editor George J. Hademenos.
260 _aNew York :
_bMcGraw Hill,
_c2012.
300 _av, 138 p. :
_bill. ;
_c22 cm.
490 1 _aSchaum's easy outlines.
500 _aIncudes index.
650 0 _aPhysics
_vOutlines, syllabi, etc.
650 0 _aPhysics
_vProblems, exercises, etc.
650 0 _aPhysics
_xExaminations
_vStudy guides.
_936596
700 1 _aHademenos, George J.
_94661
942 _2ddc
_cBOOK
999 _c30503
_d265003